[Event "Doha 2006"]
[Site "Doha"]
[Date "2006.12.09"]
[Round "4"]
[White "Talib, M. (UAE)."]
[Black "Ayyad, M. (BRN)."]
[Result "1/2-1/2"]
[WhiteElo "2365"]
[BlackElo "2137"]
[PlyCount "72"]
[EventDate "2006.??.??"]
[WhiteTeam "United Arab Emirates"]
[BlackTeam "BRN"]
[WhiteTeamCountry "UAE"]

1. d4 d5 2. c4 e6 3. Nf3 Nf6 4. Nc3 c6 5. Bg5 Nbd7 6. e3 Qa5 7. Qc2 Ne4 8. cxd5
exd5 9. Bd3 Nxg5 10. Nxg5 h6 11. Nf3 Bd6 12. O-O O-O 13. a3 Qd8 14. b4 a6 15.
Na4 Nf6 16. Nc5 Re8 17. h3 Qe7 18. Rae1 Ne4 19. Bxe4 dxe4 20. Nd2 {Diagram #}
Bxh3 21. Qxe4 Qg5 22. f4 Rxe4 23. fxg5 Rg4 24. Re2 Bxc5 25. bxc5 Rxg5 26. Ne4
Rg6 27. Nd6 b6 28. Nxf7 bxc5 29. Ne5 Rg5 30. Nxc6 Bd7 31. Ne7+ Kh7 32. Rf7 Be6
33. Rf4 Rb8 34. Re4 Bc4 35. Rd2 Rb1+ 36. Kh2 cxd4 1/2-1/2

[Event "Doha 2006"]
[Site "Doha"]
[Date "2006.12.09"]
[Round "4"]
[White "Ayyad, H. A.(BRN)."]
[Black "Hassan, A. (UAE)."]
[Result "0-1"]
[WhiteElo "2003"]
[BlackElo "2311"]
[PlyCount "50"]
[EventDate "2006.??.??"]
[WhiteTeam "BRN"]
[BlackTeam "United Arab Emirates"]
[BlackTeamCountry "UAE"]

1. e4 e6 2. d4 d5 3. exd5 exd5 4. Nf3 Bd6 5. Bd3 Ne7 6. O-O O-O 7. c3 Bf5 8.
Bxf5 Nxf5 9. Qb3 b6 10. g3 c6 11. c4 dxc4 12. Qxc4 Qd7 13. Nc3 b5 14. Qd3 Na6
15. d5 cxd5 16. Nxd5 Nc5 17. Qd1 Rad8 18. Be3 Qb7 19. b4 Ne6 20. Qb3 {Diagram #
} Bxb4 21. Nxb4 Qxf3 22. Bxa7 Qb7 23. Qa3 Ng5 24. f3 Ra8 25. Qd3 Qxa7+ 0-1

[Event "Doha 2006"]
[Site "Doha"]
[Date "2006.12.09"]
[Round "4"]
[White "Tamra, A. (PLE)."]
[Black "Russell, M K A (SRI)."]
[Result "1/2-1/2"]
[WhiteElo "2102"]
[BlackElo "2234"]
[PlyCount "115"]
[EventDate "2006.??.??"]
[WhiteTeam "Palästina"]
[BlackTeam "Sri Lanka"]
[WhiteTeamCountry "PLE"]
[BlackTeamCountry "SRI"]

1. d4 d5 2. c4 c6 3. Nf3 Nf6 4. g3 Bf5 5. Bg2 e6 6. O-O Nbd7 7. Nbd2 Be7 8. Nh4
Bg4 9. Re1 O-O 10. Qb3 Qb6 11. Qxb6 axb6 12. e4 dxe4 13. Nxe4 Nxe4 14. Bxe4 Nf6
15. Bf3 Rfd8 16. Be3 Bxf3 17. Nxf3 Ng4 18. Bf4 Bd6 19. Bd2 Nh6 20. a3 Nf5 21.
Bc3 Be7 22. Rad1 Bf6 23. g4 Nh4 24. Nxh4 Bxh4 25. Re3 Bg5 26. Red3 Rd7 27. d5
exd5 28. cxd5 c5 29. Be5 c4 30. Rd4 b5 31. d6 Bf6 32. Bxf6 gxf6 33. Rd5 c3 34.
bxc3 Rxa3 35. R1d3 Ra4 36. h3 Ra6 37. Rxb5 Raxd6 38. Rxd6 Rxd6 39. Rxb7 Rd3 40.
Rc7 Rxh3 41. Kg2 Rd3 42. f3 Kg7 43. Kf2 Kg6 44. Ke2 Rd5 45. f4 Rd6 46. c4 h5
47. gxh5+ Kxh5 48. Kf3 Kg6 49. Ke4 f5+ 50. Ke3 Re6+ 51. Kf3 Re4 52. Rc8 Kf6 53.
c5 Ke7 54. Rc7+ Ke6 55. Rc6+ Ke7 56. Rc7+ Ke6 57. Rc6+ Ke7 58. Rc7+ 1/2-1/2

[Event "Doha 2006"]
[Site "Doha"]
[Date "2006.12.09"]
[Round "4"]
[White "Anuruddha G C, (SRI)."]
[Black "Shobaita, T. (PLE)."]
[Result "0-1"]
[WhiteElo "2204"]
[BlackElo "2183"]
[PlyCount "70"]
[EventDate "2006.??.??"]
[WhiteTeam "Sri Lanka"]
[BlackTeam "Palästina"]
[WhiteTeamCountry "SRI"]
[BlackTeamCountry "PLE"]

1. Nf3 Nf6 2. c4 e6 3. g3 d5 4. Bg2 Be7 5. O-O O-O 6. cxd5 exd5 7. d3 c6 8.
Nbd2 Bf5 9. Re1 Nbd7 10. h3 Bg6 11. a3 Re8 12. b3 Qb6 13. Bb2 Bc5 14. d4 Bd6
15. Nh4 Re7 16. Nxg6 hxg6 17. e4 Nxe4 18. Nxe4 dxe4 19. Rxe4 Rxe4 20. Bxe4 Nf6
21. Bd3 Re8 22. Bc4 Qa5 23. Kg2 Qf5 24. Qf3 Qc2 25. Qc3 Qf5 26. b4 Re7 27. Rd1
Ne4 28. Qf3 Nxg3 29. fxg3 Qc2+ 30. Kh1 Bxg3 31. Qxg3 Qxd1+ 32. Kg2 Qc2+ 33. Kg1
Qxc4 34. Qh4 Qe2 35. d5 Qd1+ 0-1

[Event "Doha 2006"]
[Site "Doha"]
[Date "2006.12.09"]
[Round "4"]
[White "Sasikiran, K. (IND)."]
[Black "Dao Thien, H. (VIE)."]
[Result "1-0"]
[WhiteElo "2675"]
[BlackElo "2557"]
[Annotator "AGNS Ir/rdw/ndp/adg"]
[PlyCount "85"]
[EventDate "2006.??.??"]
[WhiteTeam "Indien"]
[BlackTeam "Vietnam"]
[WhiteTeamCountry "IND"]
[BlackTeamCountry "VIE"]

1. d4 d5 2. c4 c6 {
Dao Choses the Slav Dafence, a highly-popular opening in Doha 2006.} 3. Nf3 Nf6
4. Nc3 dxc4 5. a4 Bf5 6. Ne5 Nbd7 7. Nxc4 Nb6 8. Ne5 {Krishnan plays his
knight back and forth to avoid an exchange since swapping pieces would only
help back.} a5 9. g3 e6 10. Bg2 Bb4 11. O-O O-O 12. e3 h6 13. Qe2 Bh7 14. Rd1
Bxc3 {With this move, criticised by Krishnan immediately after the game, Dao
deviates from well-know lines in this variation. Chess-opening theory
recommends 14...Nfd7 or Qe7} 15. bxc3 Ne4 16. Bb2 f6 17. Nd3 Re8 18. f3 Nd6 19.
e4 {Now the black bishop is hemmed in. For the time being, the light piece is
hardly stronger than a pawn.} Nbc4 {Dao wants to establish a stronghold on the
c4-square but it turns out he cannot retain control over this square.} 20. Bc1
e5 21. Nb2 b5 $2 {After this move, Sashikiran successfully employs a strategy
to attack the knight on c4. For this reason it was better ro take on b2 and to
leave the other knight on d6.} 22. Nxc4 Nxc4 {
Unadvisable was 22...bxc4 as the black pawn structure would be shattered.} 23.
Rb1 Qb8 24. Bf1 {
Krishnan consistently follows his plan and aims his bishop to the c4-square.}
Kh8 {Black frees the g8-square to the a2-g8 digonal, protecting the knight.}
25. Qf2 Bg8 26. d5 Qc7 27. Qc5 $1 ({Krishnan could already win a pawn in
several ways but he prefers a better, if not winning, ending. After} 27. axb5
cxb5 28. Rxb5 {Black has some counter-play because of the c-file and the
passed pawn, but his bishop is bad as opposed to the white ones.}) 27... Qb6
28. Be3 Qxc5 29. Bxc5 {
Krishnan has correctly seen that black's queenside fall apart in the ending.}
cxd5 30. exd5 Red8 31. axb5 Rxd5 32. Rxd5 Bxd5 33. b6 Rb8 ({
Black would also be losing after} 33... Nd2 34. Rd1 Nxf3+ 35. Kf2 Bc6 36. Rd6
Bb7 37. Rd7) 34. Bxc4 $1 {
White gives up the bishop pair to enable the other bishop to hem in the rook.}
Bxc4 35. Bd6 Rb7 36. Bc7 {
Now the rook is confined to the b7-square. Black is virtually an exchange down.
} a4 37. Rb4 Bb3 38. Kf2 Kg8 39. c4 Kf7 40. c5 Bd5 {
Black must gives up the pawn on a4 to prevent c5-c6.} 41. Rxa4 Ke6 42. f4 e4 {
Diagram #} 43. Rd4 {
Black resigns as he will soon lose more material because he is in zugzwang.}
1-0

[Event "Doha 2006"]
[Site "Doha"]
[Date "2006.12.11"]
[Round "6"]
[White "(IND) Koneru Humpy"]
[Black "(UZB) Sabirova Olga"]
[Result "1-0"]
[WhiteElo "2545"]
[BlackElo "2230"]
[PlyCount "79"]
[EventDate "2006.??.??"]
[WhiteTeam "Indien"]
[BlackTeam "Uzbekistan"]
[WhiteTeamCountry "IND"]
[BlackTeamCountry "UZB"]

1. d4 Nf6 2. c4 g6 3. g3 Bg7 4. Bg2 O-O 5. Nf3 d6 6. O-O Nbd7 7. Nc3 e5 8. h3
Re8 9. e4 exd4 10. Nxd4 Nc5 11. Re1 a5 12. b3 Nfd7 13. Be3 Ne5 14. Re2 a4 15.
Rb1 axb3 16. axb3 c6 17. Rd2 Qe7 18. f4 Ned7 19. b4 Ne6 20. Nde2 Bf8 21. Bf2
Nd8 22. Qb3 Nf6 23. c5 dxc5 24. Bxc5 Qc7 25. e5 Be6 26. Qd1 Nd7 27. Ne4 Bg7 28.
Bd6 Qb6+ 29. Kh2 Qa7 30. Nd4 Bd5 31. Nb5 cxb5 32. Rxd5 Qa4 33. Bc7 Nc6 34. Rxd7
Nxb4 35. Qxa4 Rxa4 36. Nc5 Ra2 37. Rxb4 Bf8 38. Rxb5 Rc2 39. Ne4 Ra8 40. Ra5
1-0

[Event "Doha 2006"]
[Site "Doha"]
[Date "2006.12.11"]
[Round "6"]
[White "(CHN) Bu Xiangzhi"]
[Black "(QAT) Al-Modiahki Mohamad"]
[Result "1-0"]
[WhiteElo "2671"]
[BlackElo "2550"]
[PlyCount "143"]
[EventDate "2006.??.??"]
[WhiteTeam "China"]
[BlackTeam "Qatar"]
[WhiteTeamCountry "CHN"]
[BlackTeamCountry "QAT"]

1. d4 Nf6 2. c4 e6 3. Nc3 Bb4 4. Qc2 d5 5. cxd5 Qxd5 6. e3 c5 7. Bd2 Bxc3 8.
Bxc3 cxd4 9. Bxd4 Nc6 10. Bxf6 gxf6 11. Ne2 Bd7 12. a3 Qa5+ 13. Qc3 Rc8 14. f3
Ke7 15. Rc1 Qb6 16. Qc5+ Qxc5 17. Rxc5 Ne5 18. Rxc8 Rxc8 19. Nc3 Bc6 20. Be2
Rd8 21. e4 f5 22. exf5 exf5 23. Nb1 f4 24. Kf2 h5 25. Rc1 h4 26. Rc3 f6 27. h3
a6 28. b3 Ke6 29. Ke1 Rg8 30. Bf1 Rd8 31. Nd2 a5 32. Rc5 Rd5 33. Rc3 Rd8 34.
Kd1 Rd4 35. Kc1 Rd8 36. Kc2 Kd6 37. Kb2 Ke6 38. Rc2 Rd4 39. Kc3 Rd8 40. Be2 Bd5
41. Kb2 Kd6 42. Rc1 Rg8 43. Bf1 Rd8 44. Nb1 Bc6 45. Rd1+ Kc7 46. Rxd8 Kxd8 47.
Kc3 Bd5 48. b4 axb4+ 49. Kxb4 Kc7 50. Kc5 Bc6 51. Nc3 b6+ 52. Kd4 Kd6 53. Ne4+
Ke7 54. Ba6 Bd7 55. Nc3 Kd6 56. Bb7 f5 57. Ne2 Ng6 58. Ba6 Be6 59. Bb5 Bf7 60.
Bd3 Be6 61. Nc3 Bd7 62. Nd5 Kc6 63. a4 Kb7 64. Bb5 Bc6 65. Nb4 Bxb5 66. axb5
Kc7 67. Kd5 Kd7 68. Nc6 Nf8 69. Ne5+ Kc7 70. Nd3 Nd7 71. Nxf4 Kb7 72. Ng6 1-0

[Event "Doha 2006"]
[Site "Doha"]
[Date "2006.12.11"]
[Round "6"]
[White "(QAT) Al Sayed Mohamad N"]
[Black "(CHN) Wang Yue"]
[Result "*"]
[WhiteElo "2486"]
[BlackElo "2644"]
[PlyCount "200"]
[EventDate "2006.??.??"]
[WhiteTeam "Qatar"]
[BlackTeam "China"]
[WhiteTeamCountry "QAT"]
[BlackTeamCountry "CHN"]

1. e4 c5 2. Nf3 d6 3. d4 cxd4 4. Nxd4 Nf6 5. Nc3 a6 6. Bg5 e6 7. f4 Be7 8. Qf3
h6 9. Bxf6 Bxf6 10. O-O-O Qb6 11. Nde2 Qc7 12. g4 b5 13. e5 Bb7 14. Ne4 dxe5
15. Bg2 Ra7 16. Nd6+ Qxd6 17. Qf2 Qc7 18. Qxa7 Nc6 19. Bxc6+ Qxc6 20. fxe5 Bxe5
21. Rhf1 O-O 22. Qe3 Rc8 23. Rd2 Qe4 24. Qxe4 Bxe4 25. Nf4 g5 26. Nh5 Bg6 27.
Re1 Bc7 28. Kd1 Ba5 29. c3 b4 30. Nf6+ Kg7 31. Ne4 bxc3 32. Nxc3 Bxc3 33. bxc3
Rxc3 34. Ke2 Be4 35. Kf2 Rf3+ 36. Kg1 Bd5 37. Ree2 Ra3 38. Kf2 Kg6 39. Re3 Ra4
40. Kg3 Bxa2 41. Rdd3 h5 42. gxh5+ Kxh5 43. Ra3 Rg4+ 44. Kf2 Bc4 45. Ra4 Rf4+
46. Rf3 Rxf3+ 47. Kxf3 Bb5 48. Rd4 f5 49. Rd8 e5 50. Rh8+ Kg6 51. h4 gxh4 52.
Rxh4 a5 53. Rh8 Bc4 54. Rc8 Bd5+ 55. Kf2 Kf6 56. Rc5 Ke6 57. Rxa5 e4 58. Ra3
Ke5 59. Ra1 f4 60. Re1 Bc4 61. Rb1 Kd4 62. Rd1+ Ke5 63. Re1 Bf7 64. Ra1 Be6 65.
Ra5+ Kd4 66. Ra4+ Kd3 67. Ra3+ Kd2 68. Ra4 Kd3 69. Ra3+ Kd4 70. Ra4+ Bc4 71.
Ra1 Bd3 72. Rc1 Bb5 73. Rd1+ Ke5 74. Re1 Bd7 75. Rb1 Be6 76. Ra1 Kf5 77. Ra5+
Kf6 78. Rc5 Bf5 79. Ra5 Bd7 80. Rc5 Ke6 81. Ra5 Kd6 82. Rg5 Be6 83. Ra5 Bd5 84.
Ra6+ Ke5 85. Ra3 Kd4 86. Ra4+ Kd3 87. Ke1 Bc4 88. Ra3+ Kd4 89. Kf2 Bb5 90. Ra1
Be8 91. Rd1+ Ke5 92. Rc1 e3+ 93. Ke2 Kf5 94. Rc7 Bh5+ 95. Kd3 Kg4 96. Rc1 Kg3
97. Rf1 Be8 98. Kd4 e2 99. Ra1 Ba4 100. Kd3 Bd1 *

[Event "Doha 2006"]
[Site "Doha"]
[Date "2006.12.11"]
[Round "6"]
[White "(IRI) Ghaem Maghami Ehsan"]
[Black "(TKM) Annaberdiev Meilis"]
[Result "1-0"]
[WhiteElo "2581"]
[BlackElo "2457"]
[PlyCount "99"]
[EventDate "2006.??.??"]
[WhiteTeam "Iran"]
[BlackTeam "Turkmenistan"]
[WhiteTeamCountry "IRI"]
[BlackTeamCountry "TKM"]

1. e4 d6 2. d4 Nf6 3. Nc3 g6 4. Nf3 Bg7 5. Be2 O-O 6. O-O Bg4 7. Bg5 Nc6 8. Qd2
Nd7 9. Nd5 Nf6 10. Nc3 Nd7 11. Ne1 Bxe2 12. Nxe2 Nf6 13. f3 d5 14. e5 Nd7 15.
Be3 Nb6 16. b3 f6 17. f4 Qd7 18. Nd3 f5 19. Nc5 Qc8 20. Rac1 Nd8 21. c4 Ne6 22.
Qb4 Nd8 23. Nc3 Nc6 24. Qa3 e6 25. cxd5 exd5 26. Ne2 Nd8 27. Rc2 c6 28. Nc1 Nd7
29. N1d3 Nxc5 30. Nxc5 Ne6 31. b4 a6 32. Qb3 Rf7 33. a4 Nxc5 34. bxc5 Qe6 35.
Rb2 Re8 36. Rfb1 g5 37. Qd3 Qc8 38. Rb3 g4 39. Bf2 Bh6 40. Qd2 Bf8 41. R1b2 h5
42. Bh4 Bh6 43. Qc1 Rh7 44. Qb1 Bxf4 45. Rf2 Bh6 46. Rxf5 Rf8 47. Bf6 Qe6 48.
Rg5+ Bg7 49. Bxg7 Rxg7 50. Rxb7 1-0

[Event "Doha 2006"]
[Site "Doha"]
[Date "2006.12.11"]
[Round "6"]
[White "(TKM) Amanov Mesgen"]
[Black "(IRI) Moradiabadi Elshan"]
[Result "0-1"]
[WhiteElo "2339"]
[BlackElo "2539"]
[PlyCount "74"]
[EventDate "2006.??.??"]
[WhiteTeam "Turkmenistan"]
[BlackTeam "Iran"]
[WhiteTeamCountry "TKM"]
[BlackTeamCountry "IRI"]

1. d4 Nf6 2. c4 e6 3. Nf3 c5 4. Nc3 cxd4 5. Nxd4 Nc6 6. g3 Bc5 7. Nxc6 Qb6 8.
e3 Qxc6 9. f3 O-O 10. Bg2 b6 11. O-O Bb7 12. Qa4 Qd6 13. Kh1 a6 14. Rd1 Qc7 15.
e4 b5 16. cxb5 axb5 17. Qxb5 Ba6 18. Qb3 Nh5 19. f4 Nf6 20. Bf3 Ba7 21. Nb5
Bxb5 22. Qxb5 d5 23. exd5 exd5 24. Qd3 Rfe8 25. Rf1 Qb6 26. b3 Qd4 27. Qb1 Re1
28. Rxe1 Qf2 29. Qd3 Qxe1+ 30. Kg2 Qf2+ 31. Kh3 Bd4 32. Be3 Qxe3 33. Qxe3 Bxe3
34. a4 Rb8 35. Bd1 Kf8 36. a5 Ke7 37. Ra4 Ne4 0-1

[Event "Doha 2006"]
[Site "Doha"]
[Date "2006.12.11"]
[Round "6"]
[White "(IRI) Pourkashian Atousa"]
[Black "(TKM) Geldyeva Mekhri"]
[Result "1-0"]
[WhiteElo "2329"]
[BlackElo "2273"]
[PlyCount "113"]
[EventDate "2006.??.??"]
[WhiteTeam "Iran"]
[BlackTeam "Turkmenistan"]
[WhiteTeamCountry "IRI"]
[BlackTeamCountry "TKM"]

1. e4 e5 2. Nf3 d6 3. d4 Nd7 4. Bc4 Be7 5. dxe5 Nb6 6. Bb3 Bg4 7. h3 Bh5 8. e6
fxe6 9. Bxe6 Bf6 10. Qd3 Qe7 11. Qb5+ Kf8 12. Qxh5 Qxe6 13. Nbd2 Nh6 14. O-O
Nf7 15. c3 g6 16. Qb5 Re8 17. Nd4 Qc8 18. f4 c5 19. N4f3 Kg7 20. Qd3 Qc6 21. b3
c4 22. bxc4 Qc5+ 23. Kh1 Na4 24. Nd4 Qa5 25. Ne2 Re7 26. Nb3 Qc7 27. Ba3 Rc8
28. c5 Qc6 29. Ng3 dxc5 30. e5 Bh4 31. c4 Rd8 32. Qe3 Red7 33. Rf3 Nh6 34. e6
Re7 35. Re1 b6 36. f5 gxf5 37. Bc1 f4 38. Qe5+ Kg8 39. Bxf4 Rde8 40. Rfe3 Rxe6
41. Qxe6+ Rxe6 42. Rxe6 Qd7 43. Rxh6 Bxg3 44. Bxg3 Qd3 45. Rh4 Nb2 46. Rg4+ Kf7
47. Rf4+ Kg6 48. Re6+ Kg7 49. Re7+ Kg6 50. Rg4+ Kf5 51. Kh2 Nxc4 52. Nc1 Qc2
53. Rf4+ Kg6 54. Ne2 Nd2 55. Bh4 Qb1 56. Rg4+ Kh6 57. Re6+ 1-0

[Event "Doha 2006"]
[Site "Doha"]
[Date "2006.12.11"]
[Round "6"]
[White "(VIE) Dao Thien Hai"]
[Black "(INA) Adianto Utut"]
[Result "1-0"]
[WhiteElo "2557"]
[BlackElo "2589"]
[PlyCount "113"]
[EventDate "2006.??.??"]
[WhiteTeam "Vietnam"]
[BlackTeam "Indonesien"]
[WhiteTeamCountry "VIE"]
[BlackTeamCountry "INA"]

1. d4 Nf6 2. c4 e6 3. Nf3 b6 4. Nc3 Bb4 5. Bg5 Bb7 6. e3 h6 7. Bh4 Bxc3+ 8.
bxc3 d6 9. Nd2 Nbd7 10. f3 Qe7 11. Be2 e5 12. Bf2 O-O 13. O-O Rfe8 14. Qb1 d5
15. Re1 c5 16. Bf1 dxc4 17. Nxc4 e4 18. f4 Rac8 19. Bh4 Qe6 20. f5 Qd5 21. Rd1
Ba6 22. Nxb6 Nxb6 23. Bxa6 Rb8 24. Bg3 Rbd8 25. Bc7 Ra8 26. Qb5 Qxf5 27. Qxc5
Qxc5 28. dxc5 Nbd5 29. Ba5 Nxe3 30. Rd2 Re5 31. Re1 Rxc5 32. Bb4 Rd5 33. Rde2
Nf5 34. Bb7 Rad8 35. Bxd5 Rxd5 36. c4 Rd7 37. Bc3 Ne8 38. c5 Nc7 39. Rxe4 Ne6
40. Rc4 Rc7 41. Be5 Rc6 42. Bb8 a5 43. Ba7 Nd6 44. Ra4 Nb5 45. Bb6 f5 46. Rxa5
Ned4 47. Ra8+ Kh7 48. Rd8 Rg6 49. Kf2 Nc6 50. Rd3 Nbd4 51. a4 Rg4 52. a5 Rf4+
53. Kg1 Nc2 54. Rf1 Ra4 55. Rxf5 N6d4 56. Rf1 Ra2 57. Rd2 1-0

[Event "Doha 2006"]
[Site "Doha"]
[Date "2006.12.11"]
[Round "6"]
[White "(INA) Megaranto Susanto"]
[Black "(VIE) Nguyen Anh Dung"]
[Result "1-0"]
[WhiteElo "2492"]
[BlackElo "2541"]
[PlyCount "117"]
[EventDate "2006.??.??"]
[WhiteTeam "Indonesien"]
[BlackTeam "Vietnam"]
[WhiteTeamCountry "INA"]
[BlackTeamCountry "VIE"]

1. e4 e5 2. Nf3 Nc6 3. Bb5 a6 4. Ba4 Nf6 5. O-O Be7 6. Re1 b5 7. Bb3 O-O 8. h3
Bb7 9. d3 d6 10. a3 Na5 11. Ba2 c5 12. Nbd2 Bc8 13. Nf1 Be6 14. Ng3 Nc6 15. c3
Qd7 16. d4 Bxa2 17. Rxa2 Rfe8 18. b4 exd4 19. cxd4 c4 20. Bd2 a5 21. d5 Ne5 22.
Nxe5 dxe5 23. bxa5 Bd8 24. a4 Bxa5 25. axb5 Qxb5 26. Bxa5 Rxa5 27. Rc2 Qb4 28.
Qc1 Rc8 29. Nf5 g6 30. d6 Kh8 31. Ne7 Rca8 32. Nc6 Qxd6 33. Nxa5 Rxa5 34. Rxc4
Kg7 35. Rd1 Qa6 36. f3 Nh5 37. Rc7 Nf4 38. Rxf7+ Kxf7 39. Qc7+ Kf6 40. Rd6+
Qxd6 41. Qxd6+ Ne6 42. h4 h6 43. Kh2 Rc5 44. Qb8 h5 45. Qg8 Rb5 46. g4 Rb2+ 47.
Kg1 Rb1+ 48. Kf2 Nf4 49. Qe8 Rb2+ 50. Ke1 hxg4 51. fxg4 Nd3+ 52. Kf1 Rd2 53.
g5+ Kg7 54. Qd7+ Kh8 55. h5 gxh5 56. g6 Rd1+ 57. Ke2 Nf4+ 58. Kxd1 Nxg6 59. Qf7
1-0

[Event "Doha 2006"]
[Site "Doha"]
[Date "2006.12.11"]
[Round "6"]
[White "(VIE) Nguyen Thi Thanh An"]
[Black "(INA) Sukandar Irine Khar"]
[Result "1/2-1/2"]
[WhiteElo "2312"]
[BlackElo "2239"]
[PlyCount "157"]
[EventDate "2006.??.??"]
[WhiteTeam "Vietnam"]
[BlackTeam "Indonesien"]
[WhiteTeamCountry "VIE"]
[BlackTeamCountry "INA"]

1. d4 d5 2. Nf3 c6 3. c4 Nf6 4. Nc3 e6 5. Bg5 Nbd7 6. cxd5 cxd5 7. e3 Qa5 8.
Bxf6 Nxf6 9. Bb5+ Bd7 10. Bxd7+ Nxd7 11. O-O Bb4 12. Ne2 O-O 13. Qd3 Rac8 14.
Ng5 Nf6 15. Ng3 h6 16. Nf3 Bd6 17. Ne5 Bxe5 18. dxe5 Nd7 19. f4 Rc4 20. b3 Rc3
21. Qd2 Qc5 22. Rac1 Rc8 23. Ne2 Rc2 24. Qd3 Rc6 25. h3 Nb8 26. f5 exf5 27.
Rxc2 Qxc2 28. Qxc2 Rxc2 29. Nd4 Rxa2 30. Rxf5 Ra6 31. Rf1 Nd7 32. Rc1 Nxe5 33.
Rc8+ Kh7 34. Rd8 Nc6 35. Rxd5 Nxd4 36. Rxd4 Rb6 37. b4 Kg6 38. Kf2 Rb5 39. Ke2
Kf6 40. Kd3 Ke6 41. Kc4 Re5 42. e4 a5 43. Kd3 Rb5 44. bxa5 Rxa5 45. Rb4 b5 46.
Rb2 Ke5 47. Rb3 h5 48. g3 b4 49. Rxb4 Ra3+ 50. Ke2 Rxg3 51. Rb5+ Kxe4 52. Rxh5
f5 53. Kf2 Rg6 54. Rh4+ f4 55. Rh8 Rd6 56. Re8+ Kf5 57. Rf8+ Kg5 58. Rf7 g6 59.
Rh7 Rd2+ 60. Kf3 Rd3+ 61. Kf2 Kf6 62. Kg2 g5 63. Rh8 Kg7 64. Ra8 Rg3+ 65. Kh2
Rd3 66. Ra6 Rd2+ 67. Kg1 Kf7 68. Rb6 Re2 69. Ra6 Re6 70. Ra4 Rf6 71. Kg2 Kg6
72. Ra8 Re6 73. Rf8 Re2+ 74. Kg1 Rb2 75. h4 g4 76. Rxf4 Kh5 77. Ra4 Kxh4 78.
Ra3 g3 79. Ra8 1/2-1/2

[Event "Doha 2006"]
[Site "Doha"]
[Date "2006.12.11"]
[Round "6"]
[White "(SYR) Hakki Imad"]
[Black "(KAZ) Sadvakasov Darmen"]
[Result "0-1"]
[WhiteElo "2422"]
[BlackElo "2596"]
[PlyCount "103"]
[EventDate "2006.??.??"]
[WhiteTeam "Syrien"]
[BlackTeam "Kazakhstan"]
[WhiteTeamCountry "SYR"]
[BlackTeamCountry "KAZ"]

1. e4 c5 2. Nf3 d6 3. d4 cxd4 4. Nxd4 Nf6 5. Nc3 a6 6. Bc4 e6 7. Bb3 Nbd7 8. f4
Nc5 9. e5 Nfd7 10. exd6 Nf6 11. Be3 Bxd6 12. Qf3 O-O 13. O-O-O Qc7 14. Kb1 Nxb3
15. cxb3 e5 16. fxe5 Bxe5 17. h3 b5 18. Rc1 Bb7 19. Qf2 Rfe8 20. Nf5 Ne4 21.
Nxe4 Bxe4+ 22. Ka1 Qb7 23. Rhf1 a5 24. a3 a4 25. b4 Bxf5 26. Qxf5 Bxb2+ 27.
Kxb2 Rxe3 28. Rf2 g6 29. Qc5 Rae8 30. Rc3 Rxc3 31. Qxc3 Rc8 32. Qd3 Qc7 33. Re2
h5 34. Ka2 Qc6 35. Qd4 Qc1 36. Qd5 Qf1 37. Qd3 Kh7 38. Qd2 Rc1 39. Qb2 Qf4 40.
Rc2 Rf1 41. Qc3 Qe4 42. Kb2 Rg1 43. Qf6 Qd5 44. Qf3 Qd4+ 45. Rc3 Kg7 46. Kc2
Ra1 47. Kb2 Rd1 48. Qe3 Qd5 49. Qc5 Qxg2+ 50. Rc2 Qxh3 51. Qe5+ Kh7 52. Qf5 0-1

[Event "Doha 2006"]
[Site "Doha"]
[Date "2006.12.11"]
[Round "6"]
[White "(KAZ) Kazhgaleyev Murtas"]
[Black "(SYR) Bakr Jwan"]
[Result "1-0"]
[WhiteElo "2609"]
[BlackElo "2335"]
[PlyCount "41"]
[EventDate "2006.??.??"]
[WhiteTeam "Kazakhstan"]
[BlackTeam "Syrien"]
[WhiteTeamCountry "KAZ"]
[BlackTeamCountry "SYR"]

1. d4 Nf6 2. c4 g6 3. Nc3 Bg7 4. e4 d6 5. h3 O-O 6. Bg5 Na6 7. Bd3 e5 8. d5 Qe8
9. g4 Nd7 10. a3 Ndc5 11. Bc2 f5 12. b4 Nxe4 13. Nxe4 fxe4 14. Bxe4 b5 15. cxb5
Qxb5 16. Ne2 Bb7 17. Rc1 Rac8 18. h4 Qd7 19. f3 c6 20. dxc6 Bxc6 21. Bxc6 1-0

[Event "Doha 2006"]
[Site "Doha"]
[Date "2006.12.11"]
[Round "6"]
[White "(SYR) Mir Mahmoud Afamia"]
[Black "(KAZ) Aketaeva Dana"]
[Result "0-1"]
[WhiteElo "1983"]
[BlackElo "2312"]
[PlyCount "86"]
[EventDate "2006.??.??"]
[WhiteTeam "Syrien"]
[BlackTeam "Kazakhstan"]
[WhiteTeamCountry "SYR"]
[BlackTeamCountry "KAZ"]

1. d4 g6 2. c4 Bg7 3. Nc3 d6 4. e4 e5 5. d5 a5 6. Be2 Bh6 7. Bxh6 Nxh6 8. Qd2
Ng4 9. h3 Nf6 10. g4 h6 11. f3 Nbd7 12. h4 Nc5 13. Nh3 Bd7 14. Nf2 Qe7 15. Nd3
Nxd3+ 16. Bxd3 Bc8 17. O-O-O Nd7 18. Nb5 Nc5 19. Bc2 b6 20. Rdf1 Ba6 21. a4
Bxb5 22. cxb5 O-O-O 23. b4 axb4 24. Qxb4 Kb7 25. Kb2 Ra8 26. Ra1 Ra5 27. Ra3
Rha8 28. h5 Qg5 29. Qc3 Kb8 30. hxg6 fxg6 31. Qe3 Qxe3 32. Rxe3 Nxa4+ 33. Bxa4
Rxa4 34. Rb3 Ra2+ 35. Kc3 Rf2 36. Rxh6 Rxf3+ 37. Kb2 Rf2+ 38. Kc3 Ra4 39. Rxg6
Rxe4 40. Rg8+ Kb7 41. Kd3 Ref4 42. Rb1 R4f3+ 43. Kc4 Rd2 0-1

[Event "Doha 2006"]
[Site "Doha"]
[Date "2006.12.11"]
[Round "6"]
[White "(MGL) Batchuluun Cegmed"]
[Black "(PHI) Laylo Darwin"]
[Result "*"]
[WhiteElo "2404"]
[BlackElo "2448"]
[PlyCount "60"]
[EventDate "2006.??.??"]
[WhiteTeam "Mongolei"]
[BlackTeam "Philippinen"]
[WhiteTeamCountry "MGL"]
[BlackTeamCountry "PHI"]

1. d4 d5 2. c4 c6 3. Nf3 Nf6 4. Nc3 a6 5. c5 Bf5 6. Bf4 Nbd7 7. e3 e6 8. Be2 h6
9. Nd2 Be7 10. b4 Qc8 11. O-O O-O 12. Bf3 Re8 13. Bg3 Bd8 14. e4 dxe4 15. Bxe4
Bxe4 16. Ndxe4 Be7 17. Be5 a5 18. a3 axb4 19. axb4 Rxa1 20. Qxa1 Nxe4 21. Nxe4
Qa8 22. Qc3 Qa2 23. Ra1 Qd5 24. f3 Rd8 25. Bc7 Rc8 26. Be5 Rd8 27. Bc7 Rc8 28.
Be5 Nxe5 29. dxe5 Rd8 30. Nd6 Bg5 *

[Event "Doha 2006"]
[Site "Doha"]
[Date "2006.12.11"]
[Round "6"]
[White "(UAE) Talib Moosa"]
[Black "(BAN) Hossain Enamul"]
[Result "0-1"]
[WhiteElo "2365"]
[BlackElo "2503"]
[PlyCount "84"]
[EventDate "2006.??.??"]
[WhiteTeam "United Arab Emirates"]
[BlackTeam "Bangladesch"]
[WhiteTeamCountry "UAE"]
[BlackTeamCountry "BAN"]

1. Nf3 Nf6 2. d4 c5 3. d5 b5 4. c4 bxc4 5. Nc3 d6 6. Nd2 g6 7. e4 Bg7 8. Nxc4
O-O 9. Be2 Nbd7 10. O-O Ba6 11. Ne3 Bxe2 12. Qxe2 Qb6 13. a4 Rfb8 14. a5 Qc7
15. Nc4 Ne8 16. f4 Rb4 17. Bd2 Bd4+ 18. Kh1 Nef6 19. Rae1 Rf8 20. e5 dxe5 21.
fxe5 Nxe5 22. Nxe5 Rxb2 23. Nc4 Bxc3 24. Nxb2 Bxb2 25. Bh6 Bc3 26. Bxf8 Kxf8
27. Rd1 Bd4 28. Qf3 Qd6 29. Rb1 Be5 30. g4 g5 31. h3 h6 32. Qd3 Bd4 33. Qf3 Kg7
34. Rb7 c4 35. Re1 Nxd5 36. Rd1 Nf4 37. Rxa7 Nd3 38. Rf1 Ne5 39. Qb7 Qa3 40.
Kg2 Qa2+ 41. Kg3 Qe2 42. Qg2 Qe3+ 0-1

[Event "Doha 2006"]
[Site "Doha"]
[Date "2006.12.11"]
[Round "6"]
[White "(BAN) Reefat Bin-Sattar"]
[Black "(UAE) Hassan Abdullah"]
[Result "0-1"]
[WhiteElo "2489"]
[BlackElo "2311"]
[PlyCount "62"]
[EventDate "2006.??.??"]
[WhiteTeam "Bangladesch"]
[BlackTeam "United Arab Emirates"]
[WhiteTeamCountry "BAN"]
[BlackTeamCountry "UAE"]

1. e4 e6 2. d4 d5 3. Nc3 Nf6 4. e5 Nfd7 5. f4 c5 6. Nf3 Qb6 7. Na4 Qc6 8. Nc3
Qb6 9. Be3 a6 10. Na4 Qa5+ 11. c3 cxd4 12. b4 Qc7 13. Qxd4 b5 14. Nb2 Nc6 15.
Qd2 f6 16. exf6 Nxf6 17. Bd3 Bd6 18. a4 Rb8 19. axb5 axb5 20. O-O O-O 21. Nd4
Nxd4 22. Bxd4 Ne4 23. Bxe4 dxe4 24. g3 Bb7 25. Qe3 Ra8 26. Rxa8 Rxa8 27. Nd1
Ra3 28. f5 e5 29. Bb6 Qc6 30. f6 gxf6 31. Kg2 Bxb4 0-1